Irány bármelyik tenger, avagy, Hőség Rómában 2.

Bibliographic Details
Main Author: Németh, István Z., 1969- (Author)
Format: Article
Language:Hungarian
Slovak
PhysicalDescription:Obr.
Subjects:

MARC

LEADER 00000nab a2200000 ar4500
001 vtls008300655
003 SK-MaSNL
005 20260303075209.0
008 160314c2005 xo |||||||| 000 b|hun
015 |a SNBRB2005/07  |2 snkbucl 
038 |a SNKBUCL 
040 |a DSZK  |b slo  |c DSZK  |e AACR2 
041 0 |a slo 
044 |a xo  |c SK 
080 |a 821.511.141 (437.6)-7=511.141  |2 UDC-MRF-SK2 
100 1 |a Németh, István Z.,  |d 1969-  |4 aut  |9 101438 
245 1 0 |a Irány bármelyik tenger, avagy, Hőség Rómában  |n 2.  |c Z. Németh István 
300 |b Obr. 
650 0 7 |a humoresky, maďarské  |2 snkbucl  |9 870590 
773 0 |t Vasárnap  |g Évf. 38, sz. 30 (2005), o. 64 
852 |a SNK  |b KIS3GCP 
852 |a DSZK  |b KIS3GCP 
958 |a HU 
958 |a SK 
958 |a LX 
999 |c 1774756  |d 1776686